Fall Movies - Statistics

General Stats
  • This quiz has been taken 14 times
  • The average score is 3 of 11
Answer Stats
Hint Answer % Correct
Masked maniac only attacks on Halloween night Halloween
91%
Halloween characters take over Christmas The Nightmare Before Christmas
91%
Three witches are resurrected by a virgin Hocus Pocus
73%
A kid's friends invite themselves over for Thanksgiving when he was going to his grandma's A Charlie Brown Thanksgiving
18%
Two turkey's go back in time and make pizza a Thanksgiving staple Free Birds
18%
Misshaped pumpkin is bullied by others Spookly the Square Pumpkin
18%
A secret witch and her witch daughter fight evil to defend their town Halloweentown
9%
Living stuffed animals scramble to find real food for a feast after they bring odd foods like acorns, ice cream, and honey A Winnie the Pooh Thanksgiving
0%
A fat cat is put a diet right before Thanksgiving Garfield's Thanksgiving
0%
Young child dreams of a Santa-like pumpkin It's the Great Pumpkin, Charlie Brown
0%
An inventor and his dog face off against a rich hunter Wallace and Gromit: Curse of the Were-Rabbit
0%
No matching quizzes found
Score Distribution
Percent of People with Each Score
Percentile by Number Answered
Your Score History
You have not taken this quiz